| 000 | 00439nam a2200145 a 4500 | ||
|---|---|---|---|
| 001 | 000031944 | ||
| 005 | 20200930063312.0 | ||
| 008 | 110707s1928 dr 000 0 spa d | ||
| 040 |
_aDO-SdBNP _bspa _cBNPHU |
||
| 100 | 1 |
_aGiro, Valentín _958112 |
|
| 245 | 1 | 0 |
_aOda a Gindbergh / _cValentín Giro. |
| 260 |
_aSanta Cruz del Seibo, República Dominicana : _b[s.n.], _c1928. |
||
| 300 |
_a1v. con varias paginaciones ; _c22 cm. |
||
| 049 | _aBNPD | ||
| 999 |
_c31435 _d31435 |
||